Most Hashtagged Cities on Instagram - Statistics

General Stats
  • This quiz has been taken 33,013 times
  • The average score is 14 of 20
Answer Stats
# City % Correct
88.5 mil New York
98%
75.0 mil Paris
96%
88.8 mil London
95%
36.4 mil Los Angeles
92%
29.0 mil Tokyo
87%
26.0 mil Berlin
81%
23.0 mil Madrid
80%
32.4 mil Moscow
72%
20.3 mil Sydney
72%
34.1 mil Barcelona
71%
31.4 mil Chicago
67%
44.3 mil Miami
66%
18.8 mil San Francisco
64%
20.4 mil Amsterdam
56%
26.3 mil Toronto
53%
50.2 mil Istanbul
47%
59.6 mil Dubai
44%
24.6 mil Las Vegas
43%
21.7 mil Hong Kong
42%
17.7 mil Bangkok
39%
No matching quizzes found
Score Distribution
Percent of People with Each Score
Percentile by Number Answered
Your Score History
You have not taken this quiz